| 000 | 00999naa a22002897a 4500 | ||
|---|---|---|---|
| 001 | BR8708376 | ||
| 003 | BR-BrBNA | ||
| 005 | 20240918175919.0 | ||
| 007 | ta | ||
| 008 | 230509b bl.||||| |||| 00| 0 por d | ||
| 040 |
_aBR-BrBNA _bpor _cBiblioteca Nacional de Agricultura |
||
| 041 | _a(Pt) | ||
| 072 |
_aS40; Q03 _b9000 |
||
| 090 | _aS40 BR8708376 | ||
| 100 | 1 | _aGelli, D.S. | |
| 245 | 1 | _aToxi-infeccoes alimentares | |
| 246 | 1 | _a[Toxicant infections provoked by food] | |
| 246 | 1 | _a[Course for modernization of food microbiology. Annals] | |
| 260 | 3 |
_aCuritiba, PR (Brasil): _c1986. |
|
| 500 | _aCurso de atualizacao em microbiologia de alimentos. Anais Curitiba, PR (Brasil): 1986. p. 134-138 (BR8708376-AM)S40 | ||
| 650 | _aALIMENTO | ||
| 650 | _aINTOXICACAO | ||
| 650 | _aINFECCAO | ||
| 773 | 0 |
_tCurso de atualizacao em microbiologia de alimentos. Anais _wS40 BR8708376 _gCuritiba, PR (Brasil), 1986. p. 134-138 |
|
| 909 |
_a202404 _bLucia _c55 _dLucia Elande |
||
| 942 |
_cAM _2AGRIS |
||
| 999 |
_c318764 _d318764 |
||